Innovation and knowledge economics (Registro nro. 301015)

Detalles MARC
000 -ENCABEZADO
Número de control [NR] 00933 a2200253 4500
005 - FECHA Y HORA DE LA ÚLTIMA TRANSACCIÓN
control field 20151005075856.0
008 - DE LONGITUD FIJA DE DATOS DE ELEMENTOS - INFORMACIÓN GENERAL
Elementos de longitud fija [NR] 151005s2012 xxuad fr|||| 00| 0 eng d
020 ## - NUMERO INTERNACIONAL NORMALIZADO PARA LIBROS [R]
Número Internacional Normalizado del libro [NR] 9781475088069
020 ## - NUMERO INTERNACIONAL NORMALIZADO PARA LIBROS [R]
Número Internacional Normalizado del libro [NR] 147508806X
040 ## - FUENTE DE CATALOGACION [NR]
Agencia de catalogación original [NR] CO-BoUCM
Idioma de catalogación [NR] spa
Quien Cataloga Jose A. Gerena
Quien Clasifica Jose A. Gerena
041 0# - CODIGO DE IDIOMA [R]
Código de idioma para texto/pista de sonido o título separado [R] Inglés
100 1# - ASIENTO PRINCIPAL--NOMBRE PERSONAL [NR]
Nombre personal [NR] Pessoa, Argentino
ID Autoridad 71990
245 10 - MENCION DE TITULO [NR]
Título [NR] Innovation and knowledge economics
Mención de responsabilidad, etc. [NR] Argentino Pessoa
260 ## - PUBLICACION, DISTRIBUCION, ETC. (PIE DE IMPRENTA) [R]
Fecha de publicación, distribución, etc. [R] 2012
Nombre del editor, distribuidor, etc. [R] CreateSpace
Lugar de publicación, distribución, etc. [R] Charleston (Carolina del Sur, Estados Unidos)
300 ## - DESCRIPCION FISICA [R]
Extensión [R] xi, 174 páginas
Otros detalles físicos [NR] ilustraciones, cuadros, gráficas
504 ## - NOTA DE BIBLIOGRAFIA, ETC. [R]
Nota de bibliografía, etc. [NR] Incluye referencias bibliográficas
650 #7 - ASIENTO SECUNDARIO DE MATERIA - TERMINO TEMATICO [R]
9 (RLIN) 12956
Término temático o nombre geográfico como elemento de entrada [NR] Desarrollo económico
650 #7 - ASIENTO SECUNDARIO DE MATERIA - TERMINO TEMATICO [R]
9 (RLIN) 19669
Término temático o nombre geográfico como elemento de entrada [NR] Modelos económicos
650 #7 - ASIENTO SECUNDARIO DE MATERIA - TERMINO TEMATICO [R]
Término temático o nombre geográfico como elemento de entrada [NR] Innovaciones tecnológicas
Subdivisión general [R] Aspectos económicos
9 (RLIN) 45069
650 #7 - ASIENTO SECUNDARIO DE MATERIA - TERMINO TEMATICO [R]
9 (RLIN) 21972
Término temático o nombre geográfico como elemento de entrada [NR] Política económica
690 ## - ASUNTO AGREGADO LOCAL DE ENTRADA - TÉRMINO TEMÁTICO (OCLC, RLIN)
9 (RLIN) 42795
Acceso temático local Economía
942 ## - ELEMENTOS DE ENTRADA AGREGADOS (KOHA)
Sistema de clasificación DEWEY
Tema principal Economía
Tipo de ítem principal el descrito en 300a Libro de referencia
Edición 1
Clasificación 338.9
Prefijo de la signatura top. (colección) Colección - Referencia
Parte restante de la signatura top. P475
Existencias
Fecha de último préstamo Total préstamos Total Renewals Signatura topográfica Código de barras Última vez visto Ejemplar Costo de reposición Price effective from Tipo de ítem Perdido Sistema de clasificación Dañado No prestable Tipo de ítem específico Suprimido Ubicación habitual Ubicación actual Localización Fecha de creación Proveedor Forma de adquisición Costo
14/08/2019 1 1 R 338.9 P475 100147703 04/12/2025 Ej.1 51363.00 18/09/2015 Libro   DEWEY     Libro   Claustro Claustro Mezanine 18/09/2015 15 Compra 51363.00